00954nam a2200277 a 450000100060000000300080000600500170001400800410003102000210007203500190009304000270011204100080013908200260014710000330017324500440020625000120025026000320026230000260029450400520032065000410037265000300041383000490044394200120049299900170050495201550052162321BD-RjUL20211209081053.0170123s1993 enk b 001 0 eng  a0415094887 (pbk) a(BD-RjUL)62447 aDLCcDLCdBD-RjULbeng aeng00a155.418223bCOD 19931 aCohen, David,d1946-918536214aThe development of play /cDavid Cohen. a2nd ed. aLondon :bRoutledge,c1993. avii, 207 p. ;c23 cm. aIncludes bibliographical references and index. 0aPlayxPsychological aspects.9185364 0aChild psychology.9171563 aConcepts in developmental psychology9185370 2ddccBK c62321d62321 00102ddc40718NFICaRUCLbRUCLcReadingd1997-07-06eAhasania mission dhakag1115.70l0o155.418 COD 1993r2017-01-23 00:00:00tC-1w2017-01-23yBK